Wymień rywali Akopa Szostaka - Statystyki

Ogólne statystyki
  • Ten quiz został rozwiązany 6 razy
  • Średni wynik to 5 z 9
Statystyki odpowiedzi
Wygrana/Przegrana Rywal % Poprawnych
Przegrana Szymon Kolecki
100%
Wygrana Radoslaw Slodkiewicz
83%
Przegrana Erko Jun
67%
Przegrana Tyberiusz Kowalczyk
50%
No Contest Jamie Sloane
33%
Wygrana Janusz Dylewski
33%
Wygrana Lukasz Borowski
33%
Przegrana Martin Chudej
33%
Wygrana Wojciech Balejko
33%
Nie znaleziono quizów pasujących do podanych kryteriów
Rozkład punktacji
Procent ludzi z każdym wynikiem
Percentyl według liczby udzielonych odpowiedzi
Twoja historia wyników
Nie rozwiązałeś tego quizu